• 首页
  • 本馆介绍
  • 公告通知
  • 最新文献
  • 馆藏检索
  • 电子资源
  • 读者导购
  • 参考咨询
  • 我的图书馆
  • 登录
  • 详细信息显示
  • 放入我的书架
  • 预约/预借图书
  • 作者相关作品
  • 分类相关作品
  • 丛书相关作品
  • 出版社相关作品

书目信息

  • 表格格式
  • 工作单格式
  • 卡片格式
题名:
通史新义
    
 
作者: 何炳松 著
分册:  
出版信息: 长春   吉林出版集团股份有限公司  2016
页数: 162页
开本: 24cm
丛书名: 中国学术名著丛书
单 册:
中图分类: K061 , K061
科图分类:
主题词: 史学--shi xue--研究方法
电子资源:
ISBN: 978-7-5581-1193-8
000 00929nam0 22002771 450
001 0122100923
005 20170327111731.35
010    @a978-7-5581-1193-8@dCNY29.80
100    @a20160921d2016 em y0chiy50 ea
101 0  @achi
102    @aCN@b220000
105    @ay z 000yy
106    @ar
200 1  @a通史新义@9tong shi xin yi@f何炳松[著]
210    @a长春@c吉林出版集团股份有限公司@d2016
215    @a162页@d24cm
225 2  @a中国学术名著丛书@9zhong guo xue shu ming zhu cong shu
300    @a典藏
330    @a本书分社会史料研究法和社会史研究法两编共二十一章,内容包括:史料之理论、考订之原理、史料来历之考订、诠释之考订、诚伪及正确之考订、事实之利用、事实之编比等。
461  0 @12001 @a中国学术名著丛书
606 0  @a史学@9shi xue@x研究方法
690    @aK061@v5
690    @aK061@v4
701  0 @a何炳松@9he bing song@f(1890~1946)@4著
801  0 @aCN@bTANGWEI@c20170308
905    @b0960822-5@dK061@e72@f4
    
    通史新义/何炳松[著].-长春:吉林出版集团股份有限公司,2016
    162页;24cm.-(中国学术名著丛书)
    典藏
    
    ISBN 978-7-5581-1193-8:CNY29.80
    本书分社会史料研究法和社会史研究法两编共二十一章,内容包括:史料之理论、考订之原理、史料来历之考订、诠释之考订、诚伪及正确之考订、事实之利用、事实之编比等。
●
相关链接 在E读中查询图书 在五车中查询图书 在当当中查询图书 在豆瓣中查询图书


正题名:通史新义     索取号:K061/72         预约/预借

序号 登录号 条形码 馆藏地/架位号 状态 备注
1 0960822   209608227   第二样本阅览室/ [索取号:K061/72] 在馆    
2 0960823   209608236   第二借阅区/ [索取号:K061/72] 在馆    
3 0960824   209608245   第二借阅区/ [索取号:K061/72] 在馆    
4 0960825   209608254   第二借阅区/ [索取号:K061/72] 在馆    
唐山师范学院图书馆 欢迎您!
大连网信软件有限公司© 版权所有